000 00545nam a2200181Ia 4500
008 151018s9999 xx 000 0 und d
082 _bRBASDV37534
_a891.433
100 _aउषा यादव
245 _aसोना की ऑखे
250 _b1
260 _bनशनल बुक ट्रस्ट मुंबई
_c2002
300 _a59
600 _aउषा यादव
630 _aसोना की ऑखे
700 _aउषा यादव
730 _aसोना की ऑखे
942 _cBOOK
999 _c1036952
_d1036949